000 00434ntaaa2200181 4500
003 01
005 20251027201521.0
008 0714s1973 ag 01
040 _aAR-BaBN
_bspa
_cAR-BaBN
_eaacr
_dRIC
082 _a039.9560 Si6
245 _aJewish Encyclopedia
250 _a1 ed.
260 _as.l :
_bFunk and Wafnalls Co,
_c1925
300 _a12 v
650 _aEnciclopedia
_94912
700 _aSinger, Isidore
_913701
942 _cBK
999 _c9716
_d9716